Textos clásicos de pragmática

Wedi'i Gadw mewn:
Manylion Llyfryddiaeth
Prif Awduron: Ferrara, Alessandro (Awdur), Green, Georgia M (Awdur), Grice, H. P (Awdur), Karttunen, Lauri (Awdur), Lakoff, Robin (Awdur), McCawley, James D (Awdur), Ochs, Elinor (Awdur), Prince, Ellen F (Awdur), Sperber, Dan (Awdur), Wilson, Deirdre (Awdur)
Fformat: Llyfr
Iaith:Sbaeneg
Cyhoeddwyd: Madrid Arco Libros 1998
Rhifyn:1a. ed
Cyfres:Bibliotheca Philologica. Serie Lecturas
Pynciau:
Tagiau: Ychwanegu Tag
Dim Tagiau, Byddwch y cyntaf i dagio'r cofnod hwn!

MARC

LEADER 00000nam a2200000 a 4500
001 UCO9500
003 CL-VaPUC
008 010302e19980000SP |||||||||||||||||spa|d
020 |a 8476353022 
082 0 4 |a 410.1  |b FER  |2 21 
100 0 |a Ferrara, Alessandro  |e author  |9 454698 
700 |a Green, Georgia M  |e author  |9 504042 
700 0 |a Grice, H. P  |e author  |9 454700 
700 0 |a Karttunen, Lauri  |e author  |9 454701 
700 |a Lakoff, Robin  |e author  |9 534456 
700 0 |a McCawley, James D  |e author  |9 454703 
700 0 |a Ochs, Elinor  |e author  |9 454704 
700 0 |a Prince, Ellen F  |e author  |9 454705 
700 0 |a Sperber, Dan  |e author  |9 454706 
700 0 |a Wilson, Deirdre  |e author  |9 454707 
245 1 0 |a Textos clásicos de pragmática 
250 |a 1a. ed 
300 |a 297 p 
942 |c BK 
945 |d 20010302 00:00:00  |a cmena 
260 |a Madrid  |b Arco Libros  |c 1998 
650 0 |a Lingüística  |9 265068 
650 7 |a TEORIA LINGUISTICA  |2 CL-VaPUC  |9 334835 
650 7 |a PRAGMALINGUISTICA  |2 CL-VaPUC  |9 454685 
650 0 |a Filología   |9 321245 
583 |a last modification  |c 20010302 00:00:00  |k Rodrigo Vera 
490 0 |a Bibliotheca Philologica. Serie Lecturas 
999 |c 293704  |d 293702 
952 |0 0  |1 0  |4 0  |6 410_100000000000000_FER_1998  |7 0  |8 A  |9 345400  |a FDOPOS  |b FDOPOS  |d 2019-11-20  |i 3689514  |o 410.1 FER 1998  |p 3689514  |r 2025-01-22  |w 2019-11-20  |y BK  |k MLA 
952 |0 0  |1 0  |4 0  |6 410_100000000000000_FER_1998  |7 0  |8 A  |9 345401  |a FDOPOS  |b FDOPOS  |d 2019-11-20  |i 3920526  |o 410.1 FER 1998  |p 3920526  |r 2025-01-22  |w 2019-11-20  |y BK  |k MLA 
952 |0 0  |1 0  |4 0  |6 410_100000000000000_FER_1998  |7 0  |8 A  |9 345402  |a FDOPOS  |b FDOPOS  |d 2019-11-20  |i 4554663  |o 410.1 FER 1998  |p 4554663  |r 2022-07-20  |w 2019-11-20  |y BK  |k DLA